[Event "GRE-ch Online Rapid op 1st"]
[Site "Tornelo INT"]
[Date "2021.02.06"]
[Round "8"]
[White "Giannakouras, Ioannis"]
[Black "Kouvelakis, Konstantinos"]
[Result "1-0"]
[WhiteElo "1167"]
[BlackElo "1747"]
[PlyCount "87"]
[EventDate "2021.02.06"]
[EventType "swiss (rapid)"]
[EventRounds "8"]
[EventCountry "GRE"]
[SourceTitle "EXT 2023"]
[Source "ChessBase"]
[SourceDate "2022.10.05"]
[SourceVersion "1"]
[SourceVersionDate "2022.10.05"]
[SourceQuality "1"]

1. Nf3 f5 2. d4 e6 3. c4 Nf6 4. Nc3 Be7 5. g3 0-0 6. Bg2 d6 7. 0-0 Nbd7 8. Ng5 Nb6 9. Qb3 h6 10. Nh3 a5 11. a4 d5 12. cxd5 exd5 13. Nf4 c6 14. Ng6 Re8 15. Ne5 Bd6 16. f4 Be6 17. Qd1 Kh7 18. Qc2 g6 19. Qd3 Re7 20. Bf3 Rg7 21. Kh1 Qe7 22. Rg1 h5 23. Nd1 Rh8 24. Nf2 Bxe5 25. fxe5 Ng4 26. Nh3 g5 27. Bxg4 hxg4 28. Nf2 Kg8 29. Rg2 Qf7 30. e3 Rgh7 31. b3 Nd7 32. Ba3 f4 33. exf4 gxf4 34. gxf4 Qxf4 35. Qg6+ Rg7 36. Qxe6+ Kh7 37. Nxg4 Qxd4 38. Nf6+ Nxf6 39. Qh3+ Kg8 40. Rxg7+ Kxg7 41. exf6+ Qxf6 42. Rg1+ Kf7 43. Qd7+ Qe7 44. Qxe7# 1-0

[Event "GRE-ch Online Rapid op 1st"]
[Site "Tornelo INT"]
[Date "2021.02.06"]
[Round "1"]
[White "Kouvelakis, Konstantinos"]
[Black "Nyktaris, Minas"]
[Result "1-0"]
[WhiteElo "1747"]
[BlackElo "1070"]
[PlyCount "69"]
[EventDate "2021.02.06"]
[EventType "swiss (rapid)"]
[EventRounds "8"]
[EventCountry "GRE"]
[SourceTitle "EXT 2023"]
[Source "ChessBase"]
[SourceDate "2022.10.05"]
[SourceVersion "1"]
[SourceVersionDate "2022.10.05"]
[SourceQuality "1"]

1. e4 c5 2. Nf3 e6 3. d4 cxd4 4. c3 dxc3 5. Nxc3 Nc6 6. Bc4 Qc7 7. 0-0 Nf6 8. Nb5 Qb8 9. Bg5 Nxe4 10. Re1 Nxg5 11. Nxg5 a6 12. Nc3 Be7 13. Qh5 Bxg5 14. Qxg5 0-0 15. Re3 h6 16. Qh4 Kh8 17. g4 Qf4 18. Re4 Qg5 19. Qg3 d5 20. h4 Qf6 21. Rf4 Qe5 22. Bd3 b5 23. g5 b4 24. Ne2 Qxb2 25. Rc1 Ne5 26. gxh6 gxh6 27. Rf6 Ng6 28. Rxg6 fxg6 29. Rc7 Qf6 30. Bxg6 Qa1+ 31. Kg2 Qf6 32. Rh7+ Kg8 33. Bf5+ Qg5 34. hxg5 hxg5 35. Qxg5# 1-0

[Event "Athens Panellinios op 7th"]
[Site "Athens"]
[Date "2013.02.04"]
[Round "4"]
[White "Georgiadis, Nikitas"]
[Black "Kouvelakis, Konstantinos"]
[Result "0-1"]
[WhiteElo "1476"]
[BlackElo "1856"]
[PlyCount "62"]
[EventDate "2013.01.14"]
[EventType "swiss"]
[EventRounds "7"]
[EventCountry "GRE"]
[SourceTitle "EXT 2024"]
[Source "ChessBase"]
[SourceDate "2023.10.10"]
[SourceVersion "1"]
[SourceVersionDate "2023.10.10"]
[SourceQuality "1"]

1. Nf3 d5 2. g3 c5 3. d4 cxd4 4. Nxd4 e5 5. Nb3 Nc6 6. Bg2 Be6 7. Nc3 d4 8. Ne4 f5 9. Ng5 Bxb3 10. axb3 Bb4+ 11. Bd2 Qxg5 12. Bxc6+ bxc6 13. Bxb4 Ne7 14. Qd2 Qf6 15. Bxe7 Qxe7 16. Ra6 0-0 17. 0-0 Rf6 18. Rfa1 f4 19. Qd3 fxg3 20. fxg3 Qd7 21. Qc4+ Kh8 22. Qd3 Raf8 23. Rxa7 Qh3 24. Qf3 Rxf3 25. exf3 h6 26. Ra8 Qf5 27. Rxf8+ Qxf8 28. Kg2 Qc5 29. Rf1 Qxc2+ 30. Rf2 d3 31. Rxc2 dxc2 0-1